00354nam a22001097a 4500008004100000020001500041050002600056245006200082260003900144300001400183650004700197181016b xxu||||| |||| 00| 0 eng d a0855699774 aRM302 b.S76 2011 c.1 aStockley's Drug Interactions 2011cedited by Karen Baxter aLondonbPharmaceutical Pressc2011 axi, 544p. aDrug interactions vhandbooks, manuals etc